00993nam a2200205 a 4500001001000000005001700010008004100027020003100068040001800099050002100117245022100138260004400359300004000403504005200443505010000495650008700595650006200682700002500744700001800769BRCA_134320190320203402.0960412s1996 nmua---##b---#001-0#eng-# a0890133115 (Obra completa) aDLCcDLCdDLC 4aNK835b.S63 199610aSpanish New Mexicobthe Spanish Colonial Arts Society collectioncedited by Donna Pierce and Marta Weigle, with a foreword by Anita Gonzales Thomas ; photographs by Jack Parsons ; concept and design by William Field. aSanta FebMuseum of New Mexicoc[c1996] a2 v.bil. (algunas a color)c27 cm. aIncluye referencias bibliográficas e índice0 aContenido : v.1. The Arts of Spanish New Mexico. -- v.2. Hispanic Arts in the Twentieth Century14aArtes decorativasvCatálogosxEspaña colonialzNuevo México (Estados Unidos)14aEspañoles en Nuevo MéxicoxÉpoca colonial 1521-18211 aPierce, Donnad1950-1 aWeigle, Marta